Bytový dom

Na minha lista:
Detalhes bibliográficos
Autor principal: Segíňová, Aneta (Author)
Outros Autores: Minarovičová, Katarína (Thesis advisor)
Formato: Manuscrito Livro
Idioma:eslovaco
Publicado em: 2024
Assuntos:
Acesso em linha:http://is.stuba.sk/zp/portal_zp.pl?podrobnosti=162001
https://opac.crzp.sk/?fn=detailBiblioForm&sid=F0082B7A009D1614B1C919B883AC
Tags: Adicionar Tag
Sem tags, seja o primeiro a adicionar uma tag!

MARC

LEADER 00000ntm a22000003a 4500
001 stuzp98837
003 SK-STU
005 20240917093223.7
007 ta
008 150427s2015----xo-----f-mn---000-0-slo-d
040 |a STU  |b slo 
041 0 |a slo 
100 1 |a Segíňová, Aneta  |u 010180  |4 aut  |U SvF Stavebná fakulta  |T SvF Katedra konštrukcií pozemných stavieb  |X 110260  |U V180  |Y 18  |7 110260 
242 0 1 |a Residential building  |y eng 
245 1 0 |a Bytový dom 
260 |c 2024 
650 4 |a plochá strecha  |2 slo 
650 4 |a podzemná garáž  |2 slo 
650 4 |a polyfunkčný bytový dom  |2 slo 
650 4 |a multifunctional apartment building  |2 eng 
650 4 |a underground garage  |2 eng 
650 4 |a flat roof  |2 eng 
700 1 |a Minarovičová, Katarína  |u 010180  |k Z1  |4 ths  |U SvF Stavebná fakulta  |T SvF Katedra konštrukcií pozemných stavieb  |X 773  |U V180  |Y 18  |7 A000000773 
856 4 |u http://is.stuba.sk/zp/portal_zp.pl?podrobnosti=162001 
856 4 |u https://opac.crzp.sk/?fn=detailBiblioForm&sid=F0082B7A009D1614B1C919B883AC